Rise of the Maratha power / (Record no. 146976)

MARC details
000 -LEADER
fixed length control field 00673nam a22001937a 4500
005 - DATE AND TIME OF LATEST TRANSACTION
control field 20171101130729.0
010 ## - LCCN (DPL NO)
LC control number ENG-121095
020 ## - INTERNATIONAL STANDARD BOOK NUMBER
International Standard Book Number 9788123017730
Terms of availability 150.00
035 ## - SYSTEM CONTROL NUMBER
System control number EN-104627
037 ## - SOURCE OF ACQUISITION
Source of stock number/acquisition DBAD/PUB
082 ## - DEWEY DECIMAL CLASSIFICATION NUMBER
Classification number 954.04
100 ## - MAIN ENTRY--PERSONAL NAME
Personal name Ranade, Mahadeo Govind
245 ## - TITLE STATEMENT
Title Rise of the Maratha power /
Statement of responsibility, etc by Mahadeo Govind Ranade
260 ## - PUBLICATION, DISTRIBUTION, ETC. (IMPRINT)
Place of publication, distribution, etc New Delhi
Name of publisher, distributor, etc Director General, Publication Division, Ministry of Information and Broatcasting, Government of India
Date of publication, distribution, etc 2012
270 ## - ADDRESS
Address Soochna Bhawan, CGO Complex, Lodhi Road
City New Delhi
Postal code 110003
300 ## - PHYSICAL DESCRIPTION
Extent vii,152p.
Dimensions 24.5cm(pbk)
500 ## - GENERAL NOTE
General note Includes index
942 ## - ADDED ENTRY ELEMENTS (KOHA)
Source of classification or shelving scheme Dewey Decimal Classification
Item type English Books
Classification part 954.04
Call number suffix RAN
Holdings
Withdrawn status Lost status Not for loan Collection code Home library Current library Date acquired Source of acquisition Cost, normal purchase price Full call number Barcode Copy number Cost, replacement price Koha item type
      Non-fiction Patel Nagar Patel Nagar 30/10/2017 DBAD/PUB 150.00 954.04 RAN EN-104627 1 150.00 English Books

© Delhi Public Library
Hit Counter
free hit counter